000 00848nam a22002535a 4500
008 161222s2016 nyua|||frb||| 001 0 eng d
020 _a1681173654
020 _a9781681173658
040 _aEG-ScBUE
_beng
_cEG-ScBUE
082 _222
_a622.33827
_bENH
245 0 0 _aEnhanced Recovery Methods for Heavy Oil and Tar Sands /
_cAjay Paralikar, editor.
260 _aValley Cottage, New York :
_bScitus Academics LLC,
_cc.2016.
300 _a281 p. :
_bill. ;
_c18 cm.
500 _aIndex : p. 283-285.
504 _aCitations : p. 279-281.
504 _aIncludes bibliographical references.
590 _aWessam
650 7 _2BUEsh
_928476
_aEnhanced oil recovery.
650 7 _936772
_aOil sands.
_2BUEsh
651 _2BUEsh
653 _bENGPET
_cDecember2016
700 1 _941751
_aParalikar, Ajay
_eeditor.
942 _2ddc
_e22
_k622.33827 ENH
999 _c23710
_d23682